Loading...
| History - European History | 0 | 8 | 0 | 1 | 80 | 49 | 89.38 | 2 | 3 |
| History - Other History | 0 | 7 | 0 | 2 | 70 | 50 | 79.71 | 0 | 2 |
| History - World History | 0 | 6 | 0 | 2 | 60 | 34 | 83.00 | 2 | 3 |
| Social Science | 0 | 4 | 0 | 1 | 40 | 51 | 74.25 | 1 | 3 |
| Fine Arts - Other Fine Arts | 0 | 4 | 0 | 0 | 40 | 82 | 105.00 | 0 | 1 |
| Literature - European Literature | 0 | 4 | 0 | 1 | 40 | 92 | 119.25 | 0 | 0 |
| Literature - World/Other Literature | 0 | 4 | 0 | 1 | 40 | 113 | 121.75 | 0 | 0 |
| Science - Biology | 0 | 4 | 1 | 0 | 35 | 76 | 97.50 | 0 | 1 |
| Literature - British Literature | 0 | 3 | 0 | 0 | 30 | 75 | 106.67 | 0 | 1 |
| Science - Physics | 0 | 3 | 0 | 0 | 30 | 15 | 80.67 | 1 | 1 |
| Religion | 0 | 3 | 0 | 0 | 30 | 61 | 70.33 | 0 | 1 |
| Other Academic | 0 | 3 | 0 | 0 | 30 | 79 | 95.67 | 1 | 1 |
| History - American History | 0 | 4 | 2 | 1 | 30 | 37 | 68.50 | 1 | 3 |
| Literature - American Literature | 0 | 3 | 0 | 0 | 30 | 61 | 88.67 | 0 | 1 |
| Science - Other Science | 0 | 2 | 0 | 0 | 20 | 88 | 98.00 | 0 | 0 |
| Geography/Current Events | 0 | 2 | 1 | 0 | 15 | 91 | 99.00 | 1 | 2 |
| Philosophy | 0 | 1 | 0 | 0 | 10 | 102 | 102.00 | 0 | 1 |
| Mythology | 0 | 1 | 0 | 0 | 10 | 92 | 92.00 | 0 | 0 |
| Science - Chemistry | 0 | 1 | 1 | 0 | 5 | 106 | 106.00 | 0 | 0 |
| Fine Arts - Visual Fine Arts | 0 | 1 | 1 | 1 | 5 | 127 | 127.00 | 0 | 0 |
| Fine Arts - Classical Music | 0 | 1 | 1 | 0 | 5 | 105 | 105.00 | 0 | 0 |